000 00694cam a2200181 a 4500
001 13968752
005 20240327073808.0
008 040826s2004 ce a b 001 0 eng
020 _a9559102710
040 _aDLC
_cDLC
_dDLC
082 0 0 _a327.954.
_222
_bWRI.
100 1 _aJayawickrama, Sarojini.
245 1 0 _aWriting that conquers :
_bre-reading Knox's an historical relation of the island Ceylon /
_cSarojini Jayawickrama.
260 _aColombo :
_bSocial Scientists' Association,
_c2004.
300 _axix, 350 p. :
500 _aOriginally presented as the author's thesis (doctoral--University of Hong Kong) under the title: Knox's an historical relation of the island Ceylon.
942 _cL
999 _c620
_d620